English Words - jedzenie i picie - Statystyki

Ogólne statystyki
  • Ten quiz został rozwiązany 410 razy
  • Średni wynik to 21 z 24
Statystyki odpowiedzi
Hint Odpowiedź % Poprawnych
Sugar Cukier
100%
Apple Jabłko
100%
Cheese Ser
100%
Strawberry Truskawka
100%
Sandwich Kanapka
99%
Lime Limonka
99%
Pizza Pizza
99%
Tomato Pomidor
99%
Rice Ryż
99%
Potato Ziemniak
99%
Salt Sól
98%
Soup Zupa
98%
Mint Mięta
97%
Bread Chleb
94%
Pasta Makaron
91%
Lasagna Lazania
90%
Pear Gruszka
89%
Raspberry Malina
89%
Cucumber Ogórek
88%
Lollypop Lizak
80%
Pepper Papryka
77%
cauliflower Kalafior
68%
Cotton candy Wata cukrowa
68%
Casserole Zapiekanka
25%
Nie znaleziono quizów pasujących do podanych kryteriów
Rozkład punktacji
Procent ludzi z każdym wynikiem
Percentyl według liczby udzielonych odpowiedzi
Twoja historia wyników
Nie rozwiązałeś tego quizu